[Event "FRM-chT2"]
[Site "Struga"]
[Date "2024.07.09"]
[Round "4.2"]
[White "Andonov, Todor"]
[Black "Budisavljevic, Luka"]
[Result "0-1"]
[WhiteElo "2138"]
[BlackElo "2478"]
[PlyCount "108"]
[EventDate "2024.07.07"]
[EventType "team-tourn"]
[EventRounds "9"]
[EventCountry "MKD"]
[SourceTitle "EXT 2025"]
[Source "ChessBase"]
[SourceDate "2024.10.14"]
[SourceVersion "1"]
[SourceVersionDate "2024.10.14"]
[SourceQuality "1"]

1. d4 Nf6 2. Nf3 d5 3. c4 e6 4. Bg5 dxc4 5. Qa4+ Nbd7 6. Qxc4 c5 7. e3 a6 8. a4 cxd4 9. exd4 Be7 10. Be2 h6 11. Bxf6 Bxf6 12. 0-0 Nb6 13. Qd3 Nd5 14. Qd2 b6 15. Nc3 Bb7 16. Ne4 Be7 17. Ne5 Bb4 18. Nc3 Rc8 19. Rfc1 0-0 20. Bf3 Rc7 21. Bxd5 Bxd5 22. Qe3 Bb7 23. f3 Qb8 24. Ne2 Rfc8 25. Rxc7 Rxc7 26. Rc1 Rxc1+ 27. Qxc1 Bd6 28. Qe3 Qd8 29. Nc3 Bb8 30. g3 Bc7 31. Kg2 Qd6 32. Nd3 Bd8 33. Qf4 Qc6 34. Ne5 Qc7 35. Nd3 Qe7 36. Qb8 Kh7 37. Ne4 Bxe4 38. fxe4 Qd7 39. d5 exd5 40. Qe5 dxe4 41. Qxe4+ g6 42. Qc4 Qb7+ 43. Kh3 Bf6 44. b4 b5 45. axb5 axb5 46. Qf4 Kg7 47. Nc5 Qd5 48. Qe3 Qc4 49. Qe4 Qf1+ 50. Qg2 Qf5+ 51. g4 Qb1 52. Qd2 Qf1+ 53. Qg2 Qe1 54. Qe4 Qf1+ 0-1

[Event "FRM-chT2"]
[Site "Struga"]
[Date "2024.07.07"]
[Round "1.3"]
[White "Andonov, Todor"]
[Black "Osmani, Kjani"]
[Result "1-0"]
[WhiteElo "2138"]
[BlackElo "1768"]
[PlyCount "99"]
[EventDate "2024.07.07"]
[EventType "team-tourn"]
[EventRounds "9"]
[EventCountry "MKD"]
[SourceTitle "EXT 2025"]
[Source "ChessBase"]
[SourceDate "2024.10.14"]
[SourceVersion "1"]
[SourceVersionDate "2024.10.14"]
[SourceQuality "1"]

1. d4 e6 2. Nf3 d5 3. c4 c6 4. e3 f5 5. Bd3 Nf6 6. 0-0 Bd6 7. b3 Bd7 8. Ba3 Bxa3 9. Nxa3 Qe7 10. Nc2 a6 11. a4 0-0 12. Ne5 Be8 13. b4 Nbd7 14. c5 Nxe5 15. dxe5 Ng4 16. f4 Bd7 17. Be2 Nh6 18. Nd4 Kh8 19. Qc2 Rg8 20. Ra2 g5 21. g3 Nf7 22. Kh1 g4 23. Kg2 h5 24. Kf2 h4 25. Rc1 Rg7 26. b5 Rh7 27. Rg1 hxg3+ 28. hxg3 Rh2+ 29. Rg2 Rh1 30. bxa6 bxa6 31. Rb2 Nd8 32. Rb1 Rh3 33. a5 Qh7 34. Rb6 Rh2 35. Bf1 Rxg2+ 36. Bxg2 Be8 37. Qb1 Qe7 38. Qb4 Kg8 39. Bf1 Qh7 40. Nb3 Kf8 41. Rb8 Rxb8 42. Qxb8 Nf7 43. Nd4 Qh6 44. Nxc6 Qh1 45. Nd4 Ke7 46. Qb7+ Kf8 47. Qxa6 Ba4 48. Qc8+ Kg7 49. Nxe6+ Kh7 50. Nf8+ 1-0

[Event "Skopje op-A"]
[Site "Skopje"]
[Date "2023.12.12"]
[Round "9"]
[White "Trajkovski, Mile"]
[Black "Andonov, Todor"]
[Result "0-1"]
[WhiteElo "1952"]
[BlackElo "2191"]
[PlyCount "64"]
[EventDate "2023.12.06"]
[EventType "swiss"]
[EventRounds "9"]
[EventCountry "MKD"]
[SourceTitle "EXT 2025"]
[Source "ChessBase"]
[SourceDate "2024.10.14"]
[SourceVersion "1"]
[SourceVersionDate "2024.10.14"]
[SourceQuality "1"]

1. e4 d6 2. h4 c5 3. Bc4 e6 4. Qe2 a6 5. a4 Be7 6. Nc3 Nc6 7. Nf3 Nf6 8. d3 Nd4 9. Nxd4 cxd4 10. Nd1 d5 11. e5 dxc4 12. exf6 Bxf6 13. dxc4 Bd7 14. a5 Bc6 15. Kf1 Bxh4 16. b4 Bf6 17. Ra3 Qd6 18. b5 axb5 19. cxb5 Bd5 20. c4 dxc3 21. Nxc3 Qc5 22. Qd2 Rd8 23. Qe1 Bxc3 24. Qxc3 Qxb5+ 25. Kg1 Qc6 26. Rh3 Bxg2 27. Qxc6+ Bxc6 28. Rhc3 Bd5 29. Rg3 Be4 30. Kh2 Rd1 31. Rgc3 0-0 32. f3 Bxf3 0-1

[Event "Skopje op-A"]
[Site "Skopje"]
[Date "2023.12.08"]
[Round "3"]
[White "Velkoski, Stojan"]
[Black "Andonov, Todor"]
[Result "0-1"]
[WhiteElo "2035"]
[BlackElo "2191"]
[PlyCount "75"]
[EventDate "2023.12.06"]
[EventType "swiss"]
[EventRounds "9"]
[EventCountry "MKD"]
[SourceTitle "CBM 217 Extra"]
[Source "ChessBase"]
[SourceDate "2024.01.31"]
[SourceVersion "1"]
[SourceVersionDate "2024.01.31"]
[SourceQuality "1"]

1. e4 e6 2. d4 d5 3. Nc3 dxe4 4. Nxe4 Nd7 5. Nf3 Ngf6 6. Bd3 Be7 7. 0-0 b6 8. Qe2 Bb7 9. Re1 0-0 10. Neg5 Bd6 11. Ne5 Qe7 12. f4 g6 13. Qf2 h6 14. Ngf3 Kg7 15. f5 Bxf3 16. gxf3 Ng8 17. Qg2 Nxe5 18. dxe5 Bc5+ 19. Kh1 exf5 20. Bxf5 Kh7 21. Bd3 f5 22. f4 Nf6 23. Be3 Nh5 24. Qf2 Bxe3 25. Qxe3 Qb4 26. Rf1 Qxb2 27. Rae1 Qxa2 28. Qf3 Qe6 29. Qb7 Qe7 30. Bc4 a5 31. Rd1 Rad8 32. Bd5 Qc5 33. Bc6 Qe7 34. Bd5 Rd7 35. Bc6 Rxd1 36. Rxd1 Rd8 37. Rd3 Nxf4 38. Kg1 0-1

[Event "Skopje op-A"]
[Site "Skopje"]
[Date "2023.12.06"]
[Round "1"]
[White "Stanojoski, Zvonko"]
[Black "Andonov, Todor"]
[Result "1-0"]
[WhiteElo "2392"]
[BlackElo "2191"]
[PlyCount "77"]
[EventDate "2023.12.06"]
[EventType "swiss"]
[EventRounds "9"]
[EventCountry "MKD"]
[SourceTitle "CBM 217 Extra"]
[Source "ChessBase"]
[SourceDate "2024.01.31"]
[SourceVersion "1"]
[SourceVersionDate "2024.01.31"]
[SourceQuality "1"]

1. e4 e6 2. d3 c5 3. Nf3 d5 4. Nbd2 Nf6 5. g3 Nc6 6. Bg2 Be7 7. 0-0 dxe4 8. dxe4 e5 9. c3 0-0 10. Qc2 Qc7 11. Re1 h6 12. Nf1 Be6 13. h3 Rfe8 14. g4 Nd7 15. Ne3 Nb6 16. Nf5 Bf8 17. Nh2 g5 18. Nf1 Bxf5 19. gxf5 f6 20. Bf3 Red8 21. Kg2 Rd7 22. Ne3 Rad8 23. h4 Qd6 24. Be2 Qe7 25. Rh1 Bg7 26. hxg5 hxg5 27. Ng4 Rf8 28. Be3 Kf7 29. Qb3+ Ke8 30. Qb5 Nd4 31. cxd4 exd4 32. Bd2 Qxe4+ 33. Bf3 Qxf5 34. Rac1 Nd5 35. Rxc5 a6 36. Rxd5 Qxf3+ 37. Kxf3 axb5 38. Re1+ Kd8 39. Ba5+ 1-0

[Event "FRM-chT2"]
[Site "Struga"]
[Date "2023.06.30"]
[Round "1.2"]
[White "Andonov, Todor"]
[Black "Kralevski, Aleksander"]
[Result "1/2-1/2"]
[WhiteElo "2210"]
[BlackElo "2041"]
[PlyCount "55"]
[EventDate "2023.06.30"]
[EventType "team-tourn"]
[EventRounds "7"]
[EventCountry "MKD"]
[SourceTitle "EXT 2024"]
[Source "ChessBase"]
[SourceDate "2023.10.10"]
[SourceVersion "1"]
[SourceVersionDate "2023.10.10"]
[SourceQuality "1"]

1. Nf3 d5 2. d4 Nf6 3. c4 c6 4. cxd5 cxd5 5. Nc3 Nc6 6. a3 Bf5 7. Nh4 Bd7 8. Bf4 e6 9. e3 Be7 10. Nf3 Nh5 11. Bg3 Nxg3 12. hxg3 h6 13. Bd3 Rc8 14. Rc1 a6 15. b4 b5 16. Nd2 a5 17. Nxb5 axb4 18. a4 Na5 19. 0-0 0-0 20. Rxc8 Qxc8 21. Qc1 Qb7 22. Qb2 Rc8 23. Rc1 Rc6 24. Rxc6 Qxc6 25. Qc2 Qb6 26. Nb3 Nb7 27. Nd2 Qa6 28. Qa2 1/2-1/2